000 00351nam a2200133Ia 4500
005 20260328104244.0
008 260328s9999||||xx |||||||||||||| ||und||
100 _aGrube, Nikolai
245 0 _aLos Mayas :
_buna Civilizacion milenaria /
_cNikolai Grube
260 _bKönemann
300 _a480 p.
650 _aARQUITECTURA PRECOLOMBINA
942 _cBK
999 _c10009
_d10009